000 00773nam a2200229Ii 4500
003 JO-AjNU
008 230605s9999||||xx |||||||||||||| ||und||
017 _a2000/2980
020 _a977-5400-17-3
040 _aJO-AjNU
_bara
_erda
_cJO-AjNU
041 _aara
050 1 4 _aDT95.2000
100 3 _aتاليف حسنين، عادل,
_eauthor
_936718
245 0 0 _aمصر والمصريون: من الملكية الى الجمهورية، الجزء الأول
250 _aط1
264 3 1 _aنصر: دار امادو للنشر، 2000
300 _aج1، 234ص
336 _atext
_btxt
_2rdacontent
337 _aunmediated
_bn
_2rdamedia
338 _avolume
_bnc
_2rdacarrier
650 4 _aمصر-من الملكية الى الجمهورية- تاريخ
_936719
999 _aA15280
_c18848
_d18848